<?xml version="1.0" encoding="UTF-8"?>
<collection xmlns="http://www.loc.gov/MARC21/slim">
  <record>
    <leader>00000nam  2200000   4500</leader>
    <controlfield tag="001">INLIS000000000016852</controlfield>
    <controlfield tag="005">20240229021429</controlfield>
    <datafield tag="035" ind1="#" ind2="#">
      <subfield code="a">0010-0224000069</subfield>
    </datafield>
    <controlfield tag="007">ta</controlfield>
    <controlfield tag="008">240229################|##########|#|##</controlfield>
    <datafield tag="084" ind1="#" ind2="#">
      <subfield code="a">R 015 LATSAR 2022</subfield>
    </datafield>
    <datafield tag="100" ind1=" " ind2="#">
      <subfield code="a">Dairiyanti N. Br. Ginting</subfield>
    </datafield>
    <datafield tag="245" ind1="1" ind2="#">
      <subfield code="a">Optimalisasi Penggunaan Sarana Prasarana Untuk Pengolahan Hasil Perikanan Di Kelompok Unit Pengolah Ikan (UPI) /</subfield>
      <subfield code="c">Dairiyanti N. Br. Ginting</subfield>
    </datafield>
    <datafield tag="260" ind1="#" ind2="#">
      <subfield code="a">Jakarta :</subfield>
      <subfield code="b">Pusbangkader,</subfield>
      <subfield code="c">2022</subfield>
    </datafield>
    <datafield tag="300" ind1="#" ind2="#">
      <subfield code="a">54 halaman ;</subfield>
      <subfield code="c">30 cm</subfield>
    </datafield>
    <datafield tag="650" ind1="#" ind2="4">
      <subfield code="a">Perikanan</subfield>
    </datafield>
    <datafield tag="520" ind1="#" ind2="#">
      <subfield code="a">Deskripsi isu yang diperoleh : (1) belum optimalnya pengetahuan kelompok Unit Pengolahan Ikan (UPI) mengenai sarana prasarana untuk pengolahan hasil perikanan. (2) Kurang optimalnya pendanaan dalam memfasilitasi proposal bantuan sarana dan prasarana produk perikanan untuk Kelompok Pengolahan dan Pemasaran (POKLAHSAR). (3) kurang optimalnya monitoring dan evaluasi bantuan sarana dan prasarana produk perikanan.</subfield>
    </datafield>
    <datafield tag="856" ind1="#" ind2="#">
      <subfield code="a">Perpustakaan LAN Pusat</subfield>
    </datafield>
    <datafield tag="990" ind1="#" ind2="#">
      <subfield code="a">23.11.015</subfield>
    </datafield>
  </record>
</collection>
